[Event "Ì17Â "]
[Site "Loo"]
[Date "2017.04.20"]
[Round "1.6"]
[White "Àáðàìîâ, Íèêèòà."]
[Black "Ãóðüÿíîâ, Äàíèë."]
[Result "1-0"]
[WhiteElo "2340"]
[BlackElo "2116"]
[PlyCount "91"]
[EventDate "2017.04.20"]

1. e4 c5 2. Nf3 Nc6 3. Bb5 g6 4. Bxc6 dxc6 5. d3 Bg7 6. h3 Nf6 7. Nc3 O-O 8.
Be3 b6 9. Qd2 Ne8 10. Bh6 f5 11. exf5 Bxf5 12. Bxg7 Kxg7 13. O-O-O Nf6 14. Ne5
Be6 15. Rde1 Bd5 16. f3 Qc7 17. Kb1 Rae8 18. Qe3 Qd6 19. Ne2 b5 20. Nf4 b4 21.
h4 Nd7 22. Nxd5 cxd5 23. Nxd7 Qxd7 24. Qxc5 e5 25. h5 Rf6 26. hxg6 Rxg6 27. Rh5
Rxg2 28. Rhxe5 Rxe5 29. Rxe5 Qc6 30. Qe7+ Kh8 31. Qf8+ Rg8 32. Qxb4 Rg2 33. c3
Rg1+ 34. Kc2 Rg2+ 35. Kb3 Rg7 36. a4 Rb7 37. Re8+ Qxe8 38. Qxb7 Qh5 39. Qxa7
Qxf3 40. Qd4+ Kg8 41. a5 h5 42. a6 Qf7 43. Qb6 Qf1 44. a7 Qd1+ 45. Kb4 Qg4+ 46.
Qd4 1-0

[Event "Ì17Â "]
[Site "Loo"]
[Date "2017.04.20"]
[Round "1.7"]
[White "Ñóâîðîâ, Àëåêñàíäð."]
[Black "Ñàëåìãàðååâ, Òàãèð."]
[Result "0-1"]
[WhiteElo "2107"]
[BlackElo "2334"]
[PlyCount "52"]
[EventDate "2017.04.20"]

1. e4 c5 2. Nf3 d6 3. d4 cxd4 4. Qxd4 a6 5. c4 Nc6 6. Qe3 g6 7. Be2 Bg7 8. O-O
Nf6 9. h3 O-O 10. Nc3 Nd7 11. Bd2 b6 12. Rab1 Bb7 13. Rfc1 e6 14. b4 Nde5 15.
Ne1 Rc8 16. Kh1 f5 17. exf5 Rxf5 18. f4 Bh6 19. Nd3 Qe7 20. Nxe5 Nxe5 21. Qxb6
Bxf4 22. Bxf4 Rxf4 23. c5 Bxg2+ 24. Kxg2 Qg5+ 25. Kh1 Qg3 26. Qb7 Rf2 0-1

[Event "Ì17Â "]
[Site "Loo"]
[Date "2017.04.20"]
[Round "1.8"]
[White "Ýðãåøîâ, Òèìóð."]
[Black "Êîíîíîâ, Âëàäèñëàâ."]
[Result "1-0"]
[WhiteElo "2326"]
[BlackElo "2092"]
[PlyCount "81"]
[EventDate "2017.04.20"]

1. d4 Nf6 2. c4 c5 3. Nf3 cxd4 4. Nxd4 e5 5. Nb5 d5 6. cxd5 Qa5+ 7. N5c3 b5 8.
Qd3 b4 9. Qb5+ Qxb5 10. Nxb5 Kd7 11. a3 a6 12. axb4 Bb7 13. N5c3 Bxb4 14. Bd2
Nxd5 15. Nxd5 Bxd2+ 16. Nxd2 Bxd5 17. e4 Be6 18. Nc4 Bxc4 19. Bxc4 f6 20. O-O
Nc6 21. Rxa6 Rxa6 22. Bxa6 Rb8 23. Rb1 Nd4 24. Bc4 Kd6 25. f3 Kc5 26. b3 Kb4
27. Ra1 Rb7 28. Ra8 Rc7 29. Rb8+ Kc3 30. Kf2 Nc2 31. h4 Kd4 32. Bg8 h6 33. b4
Kc3 34. b5 Nb4 35. b6 Rd7 36. Rc8+ Kb2 37. Rc7 Rd8 38. Rxg7 Nd3+ 39. Kg1 Nf4
40. b7 Ne2+ 41. Kf2 1-0

[Event "Ì17Â "]
[Site "Loo"]
[Date "2017.04.20"]
[Round "1.9"]
[White "Ëèëîâ, Àëåêñàíäð."]
[Black "ßøìåòîâ, Ìèõàèë."]
[Result "1/2-1/2"]
[WhiteElo "2088"]
[BlackElo "2322"]
[PlyCount "98"]
[EventDate "2017.04.20"]

1. e4 c5 2. Nf3 Nc6 3. d4 cxd4 4. Nxd4 Nf6 5. Nc3 e6 6. Ndb5 Bb4 7. a3 Bxc3+ 8.
Nxc3 d5 9. exd5 exd5 10. Bd3 O-O 11. O-O d4 12. Ne2 Bg4 13. Bg5 Qd6 14. f3 Bh5
15. Ng3 Bg6 16. Bxg6 hxg6 17. Re1 Rac8 18. Qd2 Rfe8 19. Bxf6 gxf6 20. Re4 Kg7
21. Rae1 Rxe4 22. Rxe4 Ne5 23. Rh4 Rh8 24. Rxd4 Qc5 25. Ne4 Qc7 26. Rd6 Rh4 27.
b3 Rxe4 28. fxe4 Qc5+ 29. Qd4 Qxc2 30. Rxf6 Kxf6 31. Qd6+ Kg7 32. Qxe5+ Kg8 33.
Qb8+ Kg7 34. Qxb7 Qc5+ 35. Kf1 Qxa3 36. Qd5 Qb2 37. e5 a6 38. h3 Qc2 39. Kg1
Qb2 40. Kh2 Qe2 41. Qd4 Kh7 42. b4 Kg7 43. Kg3 Kh7 44. h4 Kg8 45. Qf4 Qe1+ 46.
Kg4 Qe2+ 47. Kh3 Qe1 48. g3 Qh1+ 49. Kg4 Qd1+ 1/2-1/2

[Event "Ì17Â "]
[Site "Loo"]
[Date "2017.04.20"]
[Round "1.10"]
[White "Áûêîâ, Îëåã."]
[Black "Áîãäàíîâ, Íèêèòà."]
[Result "1-0"]
[WhiteElo "2314"]
[BlackElo "2073"]
[PlyCount "101"]
[EventDate "2017.04.20"]

1. Nf3 d5 2. d4 Nf6 3. c4 c6 4. e3 Bf5 5. Nc3 a6 6. Qb3 Ra7 7. Bd2 e6 8. Nh4
Be4 9. Nxe4 Nxe4 10. Nf3 Nxd2 11. Nxd2 b5 12. c5 Be7 13. Bd3 e5 14. dxe5 Nd7
15. Nf3 Nxc5 16. Qc3 Nxd3+ 17. Qxd3 c5 18. O-O O-O 19. a4 b4 20. Rfd1 c4 21.
Qxd5 Qxd5 22. Rxd5 Rc8 23. Kf1 Rb7 24. Rc1 c3 25. b3 f6 26. exf6 Bxf6 27. Ne1
Kf7 28. Nc2 Ke6 29. Rcd1 Rc6 30. f4 Rcb6 31. e4 g6 32. g4 Be7 33. Ke2 Kf7 34.
e5 Ke6 35. Kf3 Rb8 36. Ke4 Kf7 37. Rd7 Ke8 38. f5 gxf5+ 39. gxf5 Rh6 40. f6 Bc5
41. f7+ Kf8 42. Kd5 Rc8 43. Rh1 Rg6 44. Ne1 Rg4 45. Ke6 Be3 46. Nc2 Bc5 47. Rc1
Rf4 48. Rcd1 Kg7 49. R1d3 Bf2 50. Rd8 Rc6+ 51. Kd7 {äàëåå çàïèñü íåðàçáîð~~èâà}
1-0

[Event "Ì17Â "]
[Site "Loo"]
[Date "2017.04.20"]
[Round "1.11"]
[White "Òîêìàøîâ, Ìàêñèì."]
[Black "Ãðèãîðüåâ, Èëüÿ."]
[Result "1/2-1/2"]
[WhiteElo "2067"]
[BlackElo "2309"]
[PlyCount "52"]
[EventDate "2017.04.20"]

1. Nf3 Nf6 2. c4 g6 3. Nc3 d5 4. cxd5 Nxd5 5. e4 Nxc3 6. dxc3 Qxd1+ 7. Kxd1 f6
8. h4 h5 9. e5 Nc6 10. Bd3 f5 11. Bf4 Nd8 12. Kc2 Ne6 13. Be3 Bd7 14. Rhd1 b5
15. a4 bxa4 16. Bc4 f4 17. Rxd7 Kxd7 18. Rd1+ Ke8 19. Bxe6 fxe3 20. Bd7+ Kf7
21. Ng5+ Kg7 22. fxe3 Kh6 23. Nf7+ Kh7 24. Ng5+ Kh6 25. Nf7+ Kh7 26. Ng5+ Kh6
1/2-1/2

[Event "Ì17Â "]
[Site "Loo"]
[Date "2017.04.20"]
[Round "1.12"]
[White "Ìíàöàêàíÿí, Àðñåí."]
[Black "Âîéíèêîíèñ, Íèêèòà."]
[Result "1-0"]
[WhiteElo "2274"]
[BlackElo "2060"]
[PlyCount "65"]
[EventDate "2017.04.20"]

1. c4 g6 2. g3 Bg7 3. Bg2 Nf6 4. Nc3 c6 5. e4 O-O 6. Nge2 d6 7. O-O e5 8. d3
Be6 9. f4 Qd7 10. Kh1 h5 11. Ng1 h4 12. gxh4 c5 13. f5 gxf5 14. exf5 Bxf5 15.
Qf3 Be6 16. Qxb7 d5 17. Qxd7 Nbxd7 18. cxd5 Bg4 19. Bg5 Rab8 20. b3 Nh7 21.
Rac1 Rfc8 22. Ne4 Bf8 23. h3 Bh5 24. Nf3 f6 25. Be3 f5 26. Neg5 Nhf6 27. Rce1
Re8 28. Nd2 Bg6 29. Bf2 Nh5 30. Ne6 Bh6 31. Nc4 Bf4 32. Bf3 Kh7 33. Rg1 {
äàëåå çàïèñü íåðàçáîð~~èâà} 1-0

[Event "Ì17Â "]
[Site "Loo"]
[Date "2017.04.20"]
[Round "1.13"]
[White "Àíòîíÿí, Ãðàíò."]
[Black "Ãàñàíîâ, Çàóð."]
[Result "0-1"]
[WhiteElo "2059"]
[BlackElo "2264"]
[PlyCount "108"]
[EventDate "2017.04.20"]

1. e4 c6 2. d4 d5 3. Nc3 dxe4 4. Nxe4 Nd7 5. Bc4 Ngf6 6. Ng5 e6 7. Qe2 Nb6 8.
Bd3 h6 9. N5f3 c5 10. dxc5 Bxc5 11. Ne5 Qc7 12. Ngf3 Nbd7 13. O-O O-O 14. Bf4
Bd6 15. Nxd7 Nxd7 16. Bxd6 Qxd6 17. Rad1 Qc7 18. Rfe1 Nc5 19. c3 b6 20. Bb1 Bb7
21. Ne5 Rfd8 22. Nd3 Qc6 23. f3 Ba6 24. Qe3 Bxd3 25. Bxd3 Qa4 26. a3 Qb3 27.
Be2 Qxb2 28. c4 Qb3 29. Qxb3 Nxb3 30. Rxd8+ Rxd8 31. Rd1 Rxd1+ 32. Bxd1 Na5 33.
Be2 Kf8 34. Kf2 Ke7 35. Ke3 Kd6 36. Kd4 Nc6+ 37. Kc3 Kc5 38. Bf1 g5 39. Bd3 Ne5
40. Be2 Ng6 41. Bf1 Nf4 42. g3 Ng6 43. Bd3 Ne5 44. Be2 f5 45. h3 f4 46. gxf4
gxf4 47. h4 Ng6 48. h5 Ne5 49. a4 a6 50. Kb3 Kd4 51. Kb4 Nc6+ 52. Kb3 Ke3 53.
c5 Kxe2 54. cxb6 Kd3 0-1

[Event "Ì17Â "]
[Site "Loo"]
[Date "2017.04.20"]
[Round "1.14"]
[White "Ðóäåíêî, Íàóì."]
[Black "Áàáàíèí, Ãëåá."]
[Result "1-0"]
[WhiteElo "2263"]
[BlackElo "2054"]
[PlyCount "93"]
[EventDate "2017.04.20"]

1. d4 d5 2. c4 c6 3. Nc3 e6 4. e4 Bb4 5. Bd3 dxe4 6. Bxe4 Nf6 7. Bf3 O-O 8.
Nge2 Nbd7 9. a3 Bd6 10. O-O e5 11. Ng3 exd4 12. Qxd4 Be5 13. Qh4 Nc5 14. Be3
Nb3 15. Rad1 Qc7 16. Rfe1 Be6 17. Bg5 Rfe8 18. Nce4 Nxe4 19. Qxe4 Bxg3 20. hxg3
f6 21. Be3 Qf7 22. c5 Rac8 23. Qb4 a5 24. Qc3 a4 25. Bf4 Bd5 26. Rxe8+ Rxe8 27.
Be3 g6 28. Qb4 Ra8 29. Qb6 Kg7 30. Bxd5 cxd5 31. Qd6 d4 32. Bxd4 Ra6 33. Qd8
Qf8 34. Be3 Qxd8 35. Rxd8 Rc6 36. Rd7+ Kg8 37. Rxb7 Nxc5 38. Ra7 Nd3 39. Rxa4
Nxb2 40. Ra8+ Kf7 41. a4 Nd1 42. Bd4 Rc1 43. Kh2 Ke6 44. f3 f5 45. a5 Kd5 46.
Rd8+ Ke6 47. a6 1-0

[Event "Ì17Â "]
[Site "Loo"]
[Date "2017.04.20"]
[Round "1.15"]
[White "Àðáóçîâ, Ìèõàèë."]
[Black "Êàëàáóõîâ, Áîãäàí."]
[Result "0-1"]
[WhiteElo "2048"]
[BlackElo "2263"]
[PlyCount "90"]
[EventDate "2017.04.20"]

1. d4 d5 2. c4 e6 3. Nc3 c6 4. Nf3 dxc4 5. a4 Bb4 6. e4 Nf6 7. Qc2 b5 8. Bg5 h6
9. Bh4 g5 10. Bg3 Bb7 11. Be2 a6 12. Rd1 Nbd7 13. h4 g4 14. Ne5 Nxe5 15. dxe5
Nd7 16. Bxg4 Qb6 17. O-O Rg8 18. Qe2 O-O-O 19. Kh2 Qc7 20. Bh3 Nc5 21. Na2 Ba5
22. Rd6 Nxa4 23. Rfd1 Qe7 24. Qc2 Bc7 25. R6d2 Nc5 26. Nc1 Rd7 27. b3 Rxd2 28.
Rxd2 cxb3 29. Nxb3 Nxb3 30. Qxb3 c5 31. Qe3 h5 32. Qf3 c4 33. Rc2 Rd8 34. Qxh5
Bxe4 35. Rc1 Qa3 36. Re1 Bg6 37. Bxe6+ Kb8 38. Qg5 Qc5 39. Bf5 Bxf5 40. Qxf5 c3
41. Qxf7 c2 42. e6 Bxg3+ 43. fxg3 Rd1 44. Qf4+ Ka7 45. Qf7+ Kb6 0-1

[Event "Ì17Â "]
[Site "Loo"]
[Date "2017.04.20"]
[Round "1.16"]
[White "Æèòíèêîâ, Êîíñòàíòèí."]
[Black "Ãëóõîâ, Äìèòðèé."]
[Result "1-0"]
[WhiteElo "2262"]
[BlackElo "2028"]
[PlyCount "59"]
[EventDate "2017.04.20"]

1. e4 c5 2. Nf3 e6 3. d4 cxd4 4. Nxd4 Nc6 5. Nxc6 bxc6 6. Bd3 Nf6 7. O-O Be7 8.
e5 Nd5 9. c4 Nb4 10. Be4 Qc7 11. Bf4 Na6 12. Nc3 O-O 13. Qd3 g6 14. Qg3 Bb7 15.
h4 c5 16. h5 Bxe4 17. Nxe4 Qb7 18. Rfe1 Qxb2 19. Bg5 Bd8 20. Bxd8 Rfxd8 21. Qg5
d5 22. Nf6+ Kg7 23. h6+ Kf8 24. Nxh7+ Ke8 25. Nf6+ Kf8 26. cxd5 exd5 27. e6
fxe6 28. Qxg6 Ke7 29. Qg7+ Kd6 30. Ne4+ 1-0

[Event "Ì17Â "]
[Site "Loo"]
[Date "2017.04.20"]
[Round "1.17"]
[White "Øèíêåâè÷, Ìàêñèì."]
[Black "Ñåëèâàíîâ, Èâàí."]
[Result "1-0"]
[WhiteElo "2020"]
[BlackElo "2259"]
[PlyCount "95"]
[EventDate "2017.04.20"]

1. d4 Nf6 2. c4 c5 3. d5 e6 4. Nc3 exd5 5. cxd5 d6 6. e4 g6 7. Nf3 Bg7 8. h3
O-O 9. Bd3 a6 10. a4 Re8 11. O-O Nbd7 12. Bf4 Qc7 13. Rc1 Nh5 14. Bh2 Bh6 15.
Rc2 Nf4 16. Re1 Rb8 17. b4 Nxd3 18. Qxd3 c4 19. Qf1 Bg7 20. b5 Qc5 21. Nd2 Ne5
22. Bxe5 Bxe5 23. Qxc4 Qb6 24. Qb4 a5 25. Qa3 Qc7 26. Rec1 Bd4 27. Ne2 Bc5 28.
Qg3 b6 29. Nb3 Rxe4 30. Nxc5 bxc5 31. Rxc5 Qd8 32. Nc3 Re5 33. Nd1 Bb7 34. Rc7
Bxd5 35. Ne3 Be6 36. f4 Re4 37. f5 Rc8 38. b6 Bd7 39. Qxd6 Rxc7 40. bxc7 Qe8
41. Nd5 Kg7 42. f6+ Kh6 43. Ne7 Bc8 44. Qd8 Qxa4 45. Nxc8 Qa2 46. Qf8+ Kh5 47.
Qc5+ Kh6 48. Ne7 1-0

[Event "Ì17Â "]
[Site "Loo"]
[Date "2017.04.20"]
[Round "1.18"]
[White "Ïàâëîâ, Äàíèëà."]
[Black "Òþðèí, Èëüÿ."]
[Result "1-0"]
[WhiteElo "2253"]
[BlackElo "2019"]
[PlyCount "65"]
[EventDate "2017.04.20"]

1. e4 c6 2. Nf3 d5 3. Nc3 Bg4 4. h3 Bxf3 5. Qxf3 e6 6. d4 Nf6 7. Bd3 Be7 8. Be3
dxe4 9. Nxe4 Nxe4 10. Bxe4 Nd7 11. c3 Nf6 12. Bc2 Qc7 13. Bd2 O-O-O 14. Bf4 Bd6
15. Bxd6 Qxd6 16. O-O Qe7 17. a4 a5 18. b4 axb4 19. a5 Nd5 20. a6 Nxc3 21. Bd3
Qf6 22. axb7+ Kd7 23. b8=Q Rxb8 24. Ra7+ Kd6 25. Qg3+ e5 26. dxe5+ Qxe5 27.
Rd7+ Kxd7 28. Qxe5 g6 29. Qf6 Rhe8 30. Bc4 Re7 31. Ra1 Rb7 32. Ra8 c5 33. Ra6
1-0

[Event "Ì17Â "]
[Site "Loo"]
[Date "2017.04.20"]
[Round "1.19"]
[White "Àõòàðèåâ, Àíäðåé."]
[Black "Ôàõðåòäèíîâ, Ðèíàò."]
[Result "1/2-1/2"]
[WhiteElo "2008"]
[BlackElo "2248"]
[PlyCount "85"]
[EventDate "2017.04.20"]

1. e4 e5 2. Nf3 Nc6 3. Nc3 Nf6 4. Be2 d5 5. exd5 Nxd5 6. O-O Be7 7. d4 exd4 8.
Nxd4 Nxc3 9. bxc3 Nxd4 10. cxd4 O-O 11. Bf3 c6 12. c3 Bd6 13. a4 Qc7 14. h3 Bf5
15. Ba3 Rad8 16. Bxd6 Rxd6 17. Bg4 Bg6 18. Qb3 b6 19. a5 b5 20. Rfe1 Rdd8 21.
Qb4 Rfe8 22. Bf3 h6 23. Rxe8+ Rxe8 24. Qc5 Rc8 25. a6 Qd7 26. Rd1 Rc7 27. d5
cxd5 28. Qxd5 Qxd5 29. Rxd5 Rxc3 30. Rxb5 Bd3 31. Rb8+ Kh7 32. Bb7 g6 33. Ra8
Rc1+ 34. Kh2 Rc7 35. Rxa7 Bxa6 36. Rxa6 Rxb7 37. g3 Rb2 38. Kg2 g5 39. Rc6 Kg7
40. Ra6 f6 41. g4 Kg6 42. Kg3 Rb4 43. f3 1/2-1/2

[Event "Ì17Â "]
[Site "Loo"]
[Date "2017.04.20"]
[Round "1.20"]
[White "Øàíäðûãèí, Íèêèòà."]
[Black "Çàõàðîâ, Íèêîëàé."]
[Result "1/2-1/2"]
[WhiteElo "2222"]
[BlackElo "1968"]
[PlyCount "80"]
[EventDate "2017.04.20"]

1. e4 c5 2. Nf3 d6 3. d4 cxd4 4. Nxd4 Nf6 5. Nc3 a6 6. h3 e6 7. g4 Be7 8. Bg2
Nfd7 9. Be3 Nc6 10. Qe2 Nxd4 11. Bxd4 O-O 12. O-O-O b5 13. e5 d5 14. Qe3 b4 15.
Ne2 a5 16. Kb1 a4 17. Nc1 Qa5 18. b3 axb3 19. cxb3 Ba6 20. Rd2 Rfc8 21. Bf1
Bxf1 22. Rxf1 Bc5 23. Nd3 Qb5 24. Rc1 Bf8 25. Rdc2 Qa6 26. Qd2 Rxc2 27. Rxc2
Qa5 28. f4 Nb6 29. Qe3 Nc8 30. f5 Na7 31. Bxa7 Rxa7 32. Qd4 Rc7 33. Rxc7 Qxc7
34. h4 h6 35. h5 Qc8 36. fxe6 Qxe6 37. Qf4 Qb6 38. Qf2 Qb5 39. Qf5 Qb6 40. Qf2
Qb5 {äàëåå çàïèñü íåðàçáîð~~èâà} 1/2-1/2

[Event "Ì17Â "]
[Site "Loo"]
[Date "2017.04.20"]
[Round "1.21"]
[White "×èæî, Àëåêñàíäð."]
[Black "Ñàèäîâ, Áèëóõàæ."]
[Result "0-1"]
[WhiteElo "1962"]
[BlackElo "2209"]
[PlyCount "92"]
[EventDate "2017.04.20"]

1. d4 d5 2. Nf3 Nf6 3. e3 e6 4. b3 c5 5. Bb2 Nc6 6. Nbd2 Bd6 7. Rc1 O-O 8. c4
cxd4 9. exd4 Re8 10. Be2 Bf4 11. O-O Ne4 12. g3 Bh6 13. Rb1 Nxd2 14. Nxd2 dxc4
15. Nxc4 Nb4 16. Ba3 a5 17. Bf3 Ra6 18. Be4 g6 19. Qf3 Qc7 20. Ne5 f5 21. Bd3
Rd6 22. Bb5 Red8 23. Bb2 Nxa2 24. Nc4 Rd5 25. Na3 Bd7 26. Bc4 Bc6 27. Qe2 Qd7
28. Bxd5 Qxd5 29. f3 Qxb3 30. Nc4 Bd5 31. Ne5 Nc3 32. Bxc3 Qxc3 33. Rfd1 Be3+
34. Kg2 Bxd4 35. Rbc1 Qe3 36. Qxe3 Bxe3 37. Rb1 Rc8 38. Kh3 g5 39. Rd3 g4+ 40.
Kh4 Bc5 41. Rb2 gxf3 42. Rxd5 exd5 43. Nxf3 b6 44. Kg5 Rf8 45. Nh4 Be3+ 46. Kh5
Rf6 0-1

[Event "Ì17Â "]
[Site "Loo"]
[Date "2017.04.20"]
[Round "1.22"]
[White "Ìåñíÿíêèí, Íèêèòà."]
[Black "Ãåéâîíäÿí, Àðñåí."]
[Result "0-1"]
[WhiteElo "2204"]
[BlackElo "1945"]
[PlyCount "102"]
[EventDate "2017.04.20"]

1. e4 e6 2. d4 d5 3. Nc3 Bb4 4. e5 c5 5. a3 Bxc3+ 6. bxc3 Ne7 7. Qg4 O-O 8. Bd3
Nbc6 9. Nf3 f5 10. exf6 Rxf6 11. Bg5 e5 12. Qg3 Rxf3 13. gxf3 c4 14. Be2 exd4
15. cxd4 Nxd4 16. Rd1 Nxc2+ 17. Kf1 Qd7 18. h4 Nxa3 19. Bc1 Nb5 20. Bxc4 Nc3
21. Rd3 b5 22. Rg1 Nf5 23. Qe5 bxc4 24. Rxc3 d4 25. Ra3 Bb7 26. Rg5 Nxh4 27.
Rg4 Nxf3 28. Rxf3 Bxf3 29. Rg3 Rf8 30. Bh6 Bg4 31. Qg5 Qf7 32. f3 Bxf3 33.
Qxg7+ Qxg7 34. Rxg7+ Kh8 35. Rxa7 Rd8 36. Kf2 Be4 37. Re7 Bg6 38. Bg5 Rf8+ 39.
Ke2 c3 40. Bh6 Re8 41. Bg7+ Kg8 42. Rxe8+ Bxe8 43. Bxd4 c2 44. Be3 h5 45. Kf3
Kg7 46. Kf4 Kf6 47. Bc1 Ke6 48. Ke4 Bg6+ 49. Kf4 Kd5 50. Kg3 Kc4 51. Kf2 Kb3
0-1

[Event "Ì17Â "]
[Site "Loo"]
[Date "2017.04.20"]
[Round "1.23"]
[White "Èâàíîâ, Êèðèëë."]
[Black "Ìàð÷óê, Ðîñòèñëàâ."]
[Result "1-0"]
[WhiteElo "1943"]
[BlackElo "2187"]
[PlyCount "159"]
[EventDate "2017.04.20"]

1. d4 d5 2. c4 e6 3. Nc3 Nf6 4. Bg5 Be7 5. cxd5 exd5 6. Qc2 c6 7. e3 Nbd7 8.
Bd3 O-O 9. Nf3 Re8 10. O-O Nf8 11. Rab1 a5 12. a3 Bd6 13. b4 axb4 14. axb4 Bg4
15. Nd2 Bd7 16. Bf5 Qc8 17. Bxd7 N6xd7 18. Bh4 Ne6 19. b5 c5 20. dxc5 Qxc5 21.
Qd3 Ne5 22. Qxd5 Qxc3 23. Qxd6 Nd3 24. Nf3 f6 25. Qd5 Rad8 26. Qxb7 Nec5 27.
Qa7 Ra8 28. Qc7 Rac8 29. Qb6 Ne4 30. Qd4 Qxd4 31. exd4 g5 32. Bg3 g4 33. Ne1
Nc1 34. Rb2 Nxg3 35. hxg3 Ne2+ 36. Kh2 Rc1 37. b6 Nxd4 38. b7 Nc6 39. Rc2 Rxc2
40. Nxc2 Rb8 41. Rb1 Nd8 42. Rb6 Kf7 43. Ne3 Rxb7 44. Rxb7+ Nxb7 45. Nxg4 Nd6
46. f3 Kg6 47. Ne3 Nb5 48. Kg1 Nd4 49. Kf2 Ne6 50. Nd5 Ng7 51. g4 Kf7 52. Nf4
h6 53. Ke3 Ne8 54. Ne2 Ng7 55. Ng3 Kg6 56. f4 Ne8 57. Ne4 h5 58. f5+ Kh6 59.
gxh5 Kxh5 60. Kf4 Kh6 61. g4 Kg7 62. Ke3 Nc7 63. Kd4 Nb5+ 64. Kc5 Na3 65. Kd6
Kf7 66. Kd7 Nc2 67. Nd6+ Kg7 68. Ke7 Ne3 69. Ne8+ Kh6 70. Nxf6 Kg5 71. Ke6 Ng2
72. Nd5 Nh4 73. Ne3 Nf3 74. f6 Kg6 75. Ke7 Ne5 76. Nc4 Nc6+ 77. Kd6 Nd8 78. Kd7
Kxf6 79. Kxd8 Kg5 80. Ne3 1-0

[Event "Ì17Â "]
[Site "Loo"]
[Date "2017.04.20"]
[Round "1.24"]
[White "Ãîëèêîâ, Äàíèèë."]
[Black "Ñàðàòîâñêèé, Äìèòðèé."]
[Result "1-0"]
[WhiteElo "2175"]
[BlackElo "1929"]
[PlyCount "77"]
[EventDate "2017.04.20"]

1. d4 f5 2. c4 Nf6 3. Nf3 g6 4. g3 Bg7 5. Bg2 O-O 6. Nc3 d6 7. O-O Qe8 8. d5
Na6 9. Rb1 Bd7 10. b4 c6 11. dxc6 bxc6 12. a3 Rc8 13. Qa4 Nc7 14. Qxa7 e5 15.
Rd1 e4 16. Nd4 Qf7 17. Na4 c5 18. bxc5 Ra8 19. Qxc7 Bxa4 20. Qxf7+ Rxf7 21. Rd2
dxc5 22. Ne6 Bh6 23. Rd8+ Rxd8 24. Nxd8 Rd7 25. Bxh6 Rxd8 26. Be3 Nd7 27. f3
Kg7 28. fxe4 fxe4 29. Rb7 Kf6 30. h4 Kf5 31. Bh3+ Ke5 32. Bg5 Ra8 33. Bxd7 Bxd7
34. Rxd7 Rxa3 35. Kf2 Rc3 36. Rd5+ Ke6 37. Rxc5 Kd6 38. Be3 Rxe3 39. Rd5+ 1-0

[Event "Ì17Â "]
[Site "Loo"]
[Date "2017.04.20"]
[Round "1.25"]
[White "Áîíäàðåíêî, Ìèøåëü."]
[Black "Âàñèë¸íîê, Àíòîí."]
[Result "0-1"]
[WhiteElo "1858"]
[BlackElo "2174"]
[PlyCount "60"]
[EventDate "2017.04.20"]

1. c4 g6 2. d4 Nf6 3. Nc3 d5 4. Bg5 Ne4 5. Bh4 Nxc3 6. bxc3 dxc4 7. e4 b5 8. a4
c6 9. Bg3 a6 10. Be2 Bg7 11. Qc2 O-O 12. Nf3 Bg4 13. O-O Nd7 14. h3 Bxf3 15.
Bxf3 Nb6 16. axb5 axb5 17. Rxa8 Qxa8 18. e5 Rc8 19. e6 f5 20. Qb2 Qa5 21. Ra1
Na4 22. Bh4 Qxc3 23. Qxc3 Nxc3 24. Bxe7 Bxd4 25. Re1 Nd5 26. Bg5 Bf6 27. Bh6
Re8 28. Re2 b4 29. Bxd5 cxd5 30. Bc1 c3 0-1

[Event "Ì17Â "]
[Site "Loo"]
[Date "2017.04.20"]
[Round "1.26"]
[White "Ïðèâîðîòñêèé, Îëåã."]
[Black "Ëåîíîâ, Îëåã."]
[Result "1/2-1/2"]
[WhiteElo "2164"]
[BlackElo "1835"]
[PlyCount "80"]
[EventDate "2017.04.20"]

1. e4 c5 2. Nf3 d6 3. c3 Nf6 4. Bd3 Bg4 5. Bc2 Nc6 6. d3 Bxf3 7. Qxf3 g6 8. O-O
Bg7 9. Qe2 O-O 10. Nd2 b5 11. Nf3 b4 12. Rd1 bxc3 13. bxc3 Qa5 14. Bd2 Rab8 15.
Bb3 Qa6 16. Be1 Na5 17. e5 dxe5 18. Qxe5 Qd6 19. d4 Rfc8 20. Rab1 Nxb3 21. Rxb3
c4 22. Rbb1 Nd5 23. Rxb8 Rxb8 24. Qe2 Qa6 25. Ne5 Bxe5 26. Qxe5 Qd6 27. Qe2 Qc7
28. Qc2 Qa5 29. Rb1 Rb5 30. g3 Qb6 31. Rxb5 Qxb5 32. Bd2 h5 33. h4 Kh7 34. Qe4
a5 35. a4 Qd7 36. Kg2 e6 37. Qe5 Qc7 38. Qg5 Qe7 39. Qe5 Qc7 40. Qg5 Qe7
1/2-1/2

[Event "Ì17Â "]
[Site "Loo"]
[Date "2017.04.20"]
[Round "1.27"]
[White "Åëèñååâ, Åãîð."]
[Black "Àñòàôóðîâ, Àðñåíèé."]
[Result "1-0"]
[WhiteElo "1834"]
[BlackElo "2163"]
[PlyCount "121"]
[EventDate "2017.04.20"]

1. d4 Nf6 2. Nf3 g6 3. c4 Bg7 4. Nc3 d5 5. e3 O-O 6. Bd3 c5 7. dxc5 Qa5 8. O-O
dxc4 9. Bxc4 Qxc5 10. Qe2 Bg4 11. Bb3 Qh5 12. Bd1 Nc6 13. h3 Be6 14. e4 Rac8
15. Ng5 Qxe2 16. Bxe2 Bd7 17. Be3 Rfd8 18. Rfd1 h6 19. Nf3 g5 20. Rac1 g4 21.
hxg4 Nxg4 22. Bf4 Be6 23. Rxd8+ Rxd8 24. b3 Nb4 25. a3 Nd3 26. Bxd3 Rxd3 27.
Na4 b6 28. Nd2 Bd4 29. Kf1 Bxf2 30. Ke2 Rd8 31. Rc7 Bd4 32. b4 Rd7 33. Rc1 Kh7
34. Nc3 Ne5 35. Nb5 Ng6 36. Bg3 Bf6 37. Rc7 a6 38. Rxd7 Bxd7 39. Nc7 e6 40. Bf2
Nf4+ 41. Kf3 Nd3 42. Bxb6 Bc8 43. Ne8 Be7 44. Nc4 Bd7 45. Nc7 Bc8 46. Ne8 Kg8
47. Ke3 Ne1 48. g3 Bb7 49. e5 Bd5 50. Ned6 Nf3 51. Bd4 Bg5+ 52. Kd3 Ne1+ 53.
Kc3 Nf3 54. Kd3 h5 55. a4 Bd8 56. b5 axb5 57. axb5 Bc7 58. b6 Bb8 59. b7 Kf8
60. Bc5 Kg8 61. Bd4 {äàëåå çàïèñü íåðàçáîð~~èâà} 1-0

[Event "Ì19 "]
[Site "Loo"]
[Date "2017.04.20"]
[Round "1.1"]
[White "Áîíäàðåíêî, Èâàí."]
[Black "Õàíèí, Ñåìåí."]
[Result "0-1"]
[WhiteElo "2251"]
[BlackElo "2430"]
[PlyCount "64"]
[EventDate "2017.04.20"]

1. d4 Nf6 2. c4 g6 3. g3 Bg7 4. Bg2 d5 5. cxd5 Nxd5 6. e4 Nb6 7. Ne2 c5 8. d5
O-O 9. O-O e6 10. Nec3 Na6 11. a4 exd5 12. exd5 Bf5 13. Na3 Nb4 14. Be3 Nd3 15.
g4 Nxb2 16. Qb3 Bxc3 17. Qxc3 N2xa4 18. Qd2 Bxg4 19. h3 Bf5 20. Bh6 Re8 21.
Rfe1 Qh4 22. Re3 Be4 23. Rxe4 Rxe4 24. Bxe4 Qxe4 25. d6 Qd4 26. Qxd4 cxd4 27.
Re1 Rd8 28. Nb5 d3 29. Nxa7 Nc3 30. Re7 g5 31. Bxg5 Rxd6 32. Bd2 Nb1 0-1

[Event "Ì19 "]
[Site "Loo"]
[Date "2017.04.20"]
[Round "1.2"]
[White "Äðûãàëîâ, Ñåðãåé."]
[Black "Êëþêèí, Êèðèëë."]
[Result "1-0"]
[WhiteElo "2419"]
[BlackElo "2250"]
[PlyCount "93"]
[EventDate "2017.04.20"]

1. d4 Nf6 2. Nf3 g6 3. c4 Bg7 4. g3 O-O 5. Bg2 d6 6. O-O Nc6 7. Nc3 Rb8 8. b3
e5 9. dxe5 dxe5 10. Ba3 Re8 11. Qxd8 Rxd8 12. Rad1 Bg4 13. h3 Bxf3 14. Bxf3 Nd4
15. Bg2 Bf8 16. Bxf8 Kxf8 17. e3 Ne6 18. b4 c6 19. f4 exf4 20. gxf4 Ke7 21. Kf2
Ne8 22. c5 f5 23. Rxd8 Rxd8 24. Rd1 Rc8 25. a3 Nf6 26. Na4 Nc7 27. Nb2 Nb5 28.
Nc4 Nc3 29. Rd3 Ncd5 30. Na5 Rc7 31. b5 Ke6 32. bxc6 bxc6 33. Rb3 Nd7 34. Nb7
Rc8 35. a4 Rb8 36. a5 N7f6 37. a6 Kd7 38. Bf3 Kc7 39. Ke2 h6 40. h4 Kd7 41. Kd3
Ne7 42. Kc4 Nfd5 43. Kd4 Nc7 44. Be2 Ned5 45. Bc4 Ke7 46. Na5 Nb4 47. Rxb4 1-0

[Event "Ì19 "]
[Site "Loo"]
[Date "2017.04.20"]
[Round "1.3"]
[White "Ñèí, Äåíèñ."]
[Black "Åëèñòðàòîâ, Ñåì¸í."]
[Result "1-0"]
[WhiteElo "2240"]
[BlackElo "2417"]
[PlyCount "125"]
[EventDate "2017.04.20"]

1. d4 Nf6 2. c4 e6 3. Nf3 d5 4. Nc3 Nbd7 5. Bf4 dxc4 6. e3 b5 7. Nxb5 Bb4+ 8.
Nd2 Nd5 9. Bg3 N7f6 10. Qc2 O-O 11. Bxc4 c5 12. O-O a6 13. Nc3 cxd4 14. exd4
Bb7 15. a3 Ba5 16. Nb3 Nxc3 17. bxc3 Ne4 18. Nxa5 Qxa5 19. Rfb1 Bd5 20. Bxd5
exd5 21. Rb4 Rfe8 22. h3 Rac8 23. c4 Nxg3 24. fxg3 Qc7 25. c5 Qxg3 26. Qf2 Qc3
27. Rf1 Rf8 28. Qf3 Qxf3 29. Rxf3 Rfe8 30. Rb6 Re4 31. Rd3 Re6 32. Rdb3 Kf8 33.
Kf2 Rce8 34. Rxe6 Rxe6 35. Re3 Ke7 36. Ke2 f5 37. Rxe6+ Kxe6 38. h4 g6 39. Kf3
h6 40. g4 Kf6 41. Kg3 fxg4 42. Kxg4 Ke6 43. Kf4 Kf6 44. Kg4 Ke6 45. Kf4 Kf6 46.
c6 Ke6 47. c7 Kd7 48. Ke5 Kxc7 49. Kf6 g5 50. hxg5 hxg5 51. Kxg5 Kb6 52. Kf6
Kb5 53. Ke6 Kc4 54. Ke5 a5 55. a4 Kb4 56. Kxd5 Kxa4 57. Kc4 Ka3 58. d5 a4 59.
d6 Kb2 60. d7 a3 61. d8=Q a2 62. Qd2+ Kb1 63. Kb3 1-0

[Event "Ì19 "]
[Site "Loo"]
[Date "2017.04.20"]
[Round "1.4"]
[White "Ìóðòàçèí, Áóëàò."]
[Black "Àñêåðîâ, Ìàðàò."]
[Result "1-0"]
[WhiteElo "2406"]
[BlackElo "2213"]
[PlyCount "109"]
[EventDate "2017.04.20"]

1. d4 Nf6 2. g3 e6 3. Bg2 c5 4. Nf3 b5 5. a4 b4 6. Ne5 d5 7. O-O cxd4 8. Qxd4
Qc7 9. Be3 Ba6 10. c4 bxc3 11. Nxc3 Bd6 12. Ng4 Nbd7 13. Nb5 Bxb5 14. axb5 Bc5
15. Nxf6+ gxf6 16. Rfc1 Bxd4 17. Rxc7 Bxe3 18. fxe3 Ke7 19. e4 Kd6 20. Rc6+ Ke5
21. exd5 exd5 22. Bxd5 Kxd5 23. Rd1+ Ke5 24. Rxd7 Rhb8 25. Rc5+ Ke6 26. Rdc7
Rb6 27. R5c6+ Rxc6 28. bxc6 a5 29. Kf2 a4 30. Rd7 Ra6 31. Rd4 Rxc6 32. Rxa4 Rb6
33. Re4+ Kf5 34. Rf4+ Kg5 35. b4 f5 36. Rc4 Rb8 37. Ke3 Kf6 38. Kd4 Rd8+ 39.
Kc5 Rc8+ 40. Kb5 Re8 41. Rc2 Rb8+ 42. Ka4 Ra8+ 43. Kb3 Kg5 44. b5 f4 45. gxf4+
Kxf4 46. Kb4 Ke5 47. b6 Kd6 48. Kb5 Ra1 49. Rd2+ Ke7 50. b7 Rb1+ 51. Kc6 Rc1+
52. Kb6 Rb1+ 53. Kc7 Rc1+ 54. Kb8 Ke6 55. Ra2 1-0